[Event "HUN-chT2 Szechenyi 2223"]
[Site "Hungary"]
[Date "2023.02.19"]
[Round "6.4"]
[White "Szakaly, Laszlo"]
[Black "Babocs, Gyula"]
[Result "1-0"]
[WhiteElo "1899"]
[BlackElo "1888"]
[PlyCount "75"]
[EventDate "2022.11.20"]
[EventType "team-tourn"]
[EventRounds "9"]
[EventCountry "HUN"]
[SourceTitle "EXT 2025"]
[Source "ChessBase"]
[SourceDate "2024.10.14"]
[SourceVersion "1"]
[SourceVersionDate "2024.10.14"]
[SourceQuality "1"]
[WhiteTeam "Spartacus Sportkor"]
[BlackTeam "Sentimento Ajka BSK III"]
[WhiteTeamCountry "HUN"]
[BlackTeamCountry "HUN"]

1. e4 Nc6 2. d4 e6 3. Nc3 d6 4. f4 g6 5. Nf3 Bg7 6. Be3 Qe7 7. Qd2 a6 8. Bd3 Bd7 9. a3 Nf6 10. h3 Na7 11. g4 Nb5 12. e5 dxe5 13. dxe5 Nd5 14. Nxd5 exd5 15. Qf2 d4 16. Nxd4 Nxd4 17. Bxd4 b6 18. 0-0-0 0-0 19. Rhe1 c5 20. Bc3 Bb5 21. Kb1 Rad8 22. Qe2 Bxd3 23. Rxd3 Rxd3 24. Qxd3 b5 25. Ba5 Re8 26. Rd1 f6 27. Qd5+ Qe6 28. Qxe6+ Rxe6 29. Rd6 Kf7 30. Rd7+ Re7 31. Rxe7+ Kxe7 32. exf6+ Bxf6 33. b3 Ke6 34. c4 Bd4 35. Bd2 h5 36. Kc2 Kd6 37. Kd3 Ke6 38. Be3 1-0

[Event "HUN-chT2 Szechenyi 2122"]
[Site "Hungary"]
[Date "2022.04.10"]
[Round "9.12"]
[White "Kocsis, Tihamer"]
[Black "Babocs, Gyula"]
[Result "1-0"]
[WhiteElo "1913"]
[BlackElo "1905"]
[PlyCount "53"]
[EventDate "2021.10.10"]
[EventType "team-tourn"]
[EventRounds "9"]
[EventCountry "HUN"]
[SourceTitle "EXT 2025"]
[Source "ChessBase"]
[SourceDate "2024.10.14"]
[SourceVersion "1"]
[SourceVersionDate "2024.10.14"]
[SourceQuality "1"]
[WhiteTeam "Szechenyi ESE"]
[BlackTeam "Sentimento Ajka BSK"]
[WhiteTeamCountry "HUN"]
[BlackTeamCountry "HUN"]

1. e4 Nc6 2. d4 e5 3. Nf3 d6 4. Bc4 Be7 5. h3 Bf6 6. d5 Nb8 7. Be3 Ne7 8. Nc3 Ng6 9. Qd2 Nh4 10. Nxh4 Bxh4 11. 0-0-0 0-0 12. g3 Be7 13. f4 Bf6 14. f5 h6 15. h4 b6 16. Rh2 Ba6 17. Bb3 Nd7 18. Rdh1 h5 19. g4 hxg4 20. Qg2 Be7 21. Qxg4 Nf6 22. Qg2 Kh7 23. Rg1 Rg8 24. Qf3 Kh8 25. Rg5 Nh7 26. Qh5 Qe8 27. Qxh7+ 1-0

[Event "HUN-chT2 Szechenyi 1718"]
[Site "Hungary"]
[Date "2017.11.26"]
[Round "2.4"]
[White "Barasits, Balint"]
[Black "Babocs, Gyula"]
[Result "0-1"]
[WhiteElo "1944"]
[BlackElo "1926"]
[PlyCount "104"]
[EventDate "2017.10.29"]
[EventType "team-tourn"]
[EventRounds "9"]
[EventCountry "HUN"]
[SourceTitle "EXT 2021"]
[Source "ChessBase"]
[SourceDate "2020.10.23"]
[SourceVersion "1"]
[SourceVersionDate "2020.10.23"]
[SourceQuality "1"]
[WhiteTeam "Arboretum"]
[BlackTeam "Ajka ASSE"]
[WhiteTeamCountry "HUN"]
[BlackTeamCountry "HUN"]

1. e4 Nc6 2. Nf3 e6 3. d4 d6 4. Nc3 Bd7 5. Be2 e5 6. 0-0 Nf6 7. h3 Be7 8. Re1 0-0 9. Bc4 a5 10. a4 exd4 11. Nxd4 Ne5 12. Bf1 Nc6 13. Nf5 Bxf5 14. exf5 h6 15. Bf4 Nb4 16. Ne2 Nd7 17. c3 Na6 18. Ng3 Bg5 19. Qg4 Bxf4 20. Qxf4 Re8 21. Nh5 Qg5 22. Rxe8+ Rxe8 23. Bxa6 bxa6 24. Qxg5 hxg5 25. Ng3 Rb8 26. Ra2 Nc5 27. Ne2 Nd3 28. Nd4 Rxb2 29. Ra1 Nxf2 30. Nc6 Nd3 31. g3 Rc2 32. Ra3 Ne5 33. Nxa5 Nf3+ 34. Kf1 Nd2+ 35. Kg1 Ne4 36. c4 Rc3 37. Ra2 Nxg3 38. Rg2 Nxf5 39. Rxg5 g6 40. Rg4 Rxh3 41. c5 Rg3+ 42. Rxg3 Nxg3 43. c6 Ne2+ 44. Kf2 Nc3 45. Nc4 Nxa4 46. Ke3 Kf8 47. Ke4 Ke7 48. Ne3 f5+ 49. Kd4 Nb6 50. Nf1 a5 51. Nd2 a4 52. Nf3 Kf6 0-1

[Event "HUN-chT2 Szechenyi 1617"]
[Site "Hungary"]
[Date "2016.09.25"]
[Round "1.5"]
[White "Jakab, Attila"]
[Black "Babocs, Gyula"]
[Result "1-0"]
[WhiteElo "2354"]
[BlackElo "1966"]
[PlyCount "75"]
[EventDate "2016.09.25"]
[EventType "team-tourn"]
[EventRounds "11"]
[EventCountry "HUN"]
[SourceTitle "EXT 2021"]
[Source "ChessBase"]
[SourceDate "2020.10.23"]
[SourceVersion "1"]
[SourceVersionDate "2020.10.23"]
[SourceQuality "1"]
[WhiteTeam "Ajka Banyasz"]
[BlackTeam "Ajka ASSE"]
[WhiteTeamCountry "HUN"]
[BlackTeamCountry "HUN"]

1. d4 Nf6 2. c4 g6 3. Nc3 Bg7 4. e4 d6 5. Nge2 0-0 6. Ng3 e5 7. d5 a5 8. Be2 Na6 9. h4 h5 10. Bg5 Qe8 11. Qd2 Nh7 12. Bh6 Qe7 13. 0-0-0 Bd7 14. Bxg7 Kxg7 15. Nf1 Nc5 16. Ne3 f5 17. exf5 gxf5 18. Bxh5 f4 19. Nc2 Bf5 20. Bf3 Nf6 21. g4 Bh7 22. g5 Nfe4 23. Nxe4 Nxe4 24. Qe2 Nc5 25. h5 Bf5 26. Nd4 e4 27. Rhg1 Qe5 28. Bg4 Bxg4 29. Qxg4 Rae8 30. g6 Nd3+ 31. Rxd3 exd3 32. Ne6+ Rxe6 33. h6+ Kg8 34. Qxe6+ Qxe6 35. dxe6 Rf6 36. e7 Re6 37. h7+ Kg7 38. Rh1 1-0

[Event "HUN-chT2 Szechenyi 1415"]
[Site "Hungary"]
[Date "2015.01.25"]
[Round "7.10"]
[White "Babocs, Gyula"]
[Black "Balogh, Marton"]
[Result "0-1"]
[WhiteElo "1974"]
[BlackElo "1650"]
[PlyCount "110"]
[EventDate "2014.09.07"]
[EventType "team-tourn"]
[EventRounds "11"]
[EventCountry "HUN"]
[SourceTitle "EXT 2016"]
[Source "ChessBase"]
[SourceDate "2015.10.08"]
[SourceVersion "1"]
[SourceVersionDate "2015.10.08"]
[SourceQuality "1"]
[WhiteTeam "Ajka Banyasz"]
[BlackTeam "Csuti"]
[WhiteTeamCountry "HUN"]
[BlackTeamCountry "HUN"]

1. e4 e6 2. d4 d5 3. e5 c5 4. Nf3 Nc6 5. Bd3 cxd4 6. 0-0 Qb6 7. a3 Bd7 8. b4 a6 9. Re1 Nge7 10. Nbd2 Ng6 11. Nb3 Be7 12. Bg5 f6 13. exf6 gxf6 14. Bh6 e5 15. Bf1 Bg4 16. h3 Bd7 17. c3 Kf7 18. cxd4 e4 19. Nh2 Rhe8 20. Nc5 Rad8 21. Rxe4 Na7 22. Re1 Bxc5 23. dxc5 Qc6 24. Qd2 Rxe1 25. Rxe1 Re8 26. Nf3 Rxe1 27. Qxe1 Qa4 28. Bc1 Nb5 29. Qe3 Qc2 30. Bd3 Qd1+ 31. Kh2 Bc6 32. Bxb5 Bxb5 33. Nd4 Bd7 34. Qd2 Qf1 35. Nf3 Bc6 36. Bb2 Qc4 37. Qd4 Qxd4 38. Bxd4 Nf4 39. g3 Nd3 40. Kg2 Ke6 41. Kf1 Bb5 42. Kg2 Bc6 43. g4 Nf4+ 44. Kg3 Ne2+ 45. Kg2 Nxd4 46. Nxd4+ Ke5 47. Nxc6+ bxc6 48. a4 d4 49. Kf3 Kd5 50. h4 Kc4 51. Ke4 d3 52. Ke3 Kc3 53. b5 d2 54. bxa6 d1Q 55. a7 Qxa4 0-1

[Event "HUN-chT2 Szechenyi 1415"]
[Site "Hungary"]
[Date "2014.12.14"]
[Round "6.8"]
[White "Domonkos, Jozsef"]
[Black "Babocs, Gyula"]
[Result "0-1"]
[WhiteElo "1720"]
[BlackElo "1974"]
[PlyCount "80"]
[EventDate "2014.09.07"]
[EventType "team-tourn"]
[EventRounds "11"]
[EventCountry "HUN"]
[SourceTitle "EXT 2016"]
[Source "ChessBase"]
[SourceDate "2015.10.08"]
[SourceVersion "1"]
[SourceVersionDate "2015.10.08"]
[SourceQuality "1"]
[WhiteTeam "Veszprem"]
[BlackTeam "Ajka Banyasz"]
[WhiteTeamCountry "HUN"]
[BlackTeamCountry "HUN"]

1. d4 Nf6 2. c4 Nc6 3. Nf3 e6 4. a3 d6 5. Nc3 Bd7 6. Bg5 h6 7. Bh4 Ne7 8. e4 Ng6 9. Bg3 Nh5 10. Bd3 Nxg3 11. hxg3 e5 12. Qb3 b6 13. 0-0-0 Be7 14. dxe5 Nxe5 15. Nxe5 dxe5 16. Nd5 0-0 17. Qc3 c6 18. Nxe7+ Qxe7 19. Rh5 Rfe8 20. f3 f6 21. Qd2 b5 22. Rdh1 Be6 23. Qc3 a5 24. Qc2 Red8 25. Be2 Rd4 26. Rd1 Rad8 27. Rhh1 Bxc4 28. Rxd4 Rxd4 29. Rd1 Bxe2 30. Rxd4 exd4 31. Qxe2 Qc5+ 32. Kb1 Qc4 33. Qxc4+ bxc4 34. f4 c5 35. Kc2 a4 36. g4 Kf7 37. f5 Ke7 38. g3 Kd6 39. b3 cxb3+ 40. Kd3 Ke5 0-1

[Event "HUN-chT2 Szechenyi 1415"]
[Site "Hungary"]
[Date "2014.10.12"]
[Round "3.10"]
[White "Babocs, Gyula"]
[Black "Gombocz, Zsofia"]
[Result "0-1"]
[WhiteElo "1974"]
[BlackElo "1672"]
[PlyCount "92"]
[EventDate "2014.09.07"]
[EventType "team-tourn"]
[EventRounds "11"]
[EventCountry "HUN"]
[SourceTitle "EXT 2016"]
[Source "ChessBase"]
[SourceDate "2015.10.08"]
[SourceVersion "1"]
[SourceVersionDate "2015.10.08"]
[SourceQuality "1"]
[WhiteTeam "Ajka Banyasz"]
[BlackTeam "Sarvar"]
[WhiteTeamCountry "HUN"]
[BlackTeamCountry "HUN"]

1. e4 e5 2. Nf3 Nc6 3. Bc4 Bc5 4. 0-0 Nf6 5. d3 d6 6. h3 0-0 7. c3 a6 8. Bg5 h6 9. Be3 Ba7 10. Bxa7 Rxa7 11. Nbd2 b5 12. Bb3 Bb7 13. Nh2 Ne7 14. Ng4 Ng6 15. Qf3 Nf4 16. Kh2 h5 17. Nxf6+ Qxf6 18. g3 Ne6 19. Qxh5 Nc5 20. Bc2 g6 21. Qe2 d5 22. f4 dxe4 23. Nxe4 Nxe4 24. dxe4 Kg7 25. f5 g5 26. Rad1 Rh8 27. Qg4 Raa8 28. h4 Kf8 29. Rh1 gxh4 30. Kg2 Ke7 31. Qe2 Rag8 32. g4 Qxf5 33. Kh3 Qf4 34. Rhg1 Rd8 35. Bd3 Bc8 36. Rdf1 Qg5 37. Qf3 Be6 38. Rf2 Rhg8 39. Be2 Rg6 40. a4 c6 41. axb5 axb5 42. b3 Rf6 43. Qxf6+ Qxf6 44. Rxf6 Kxf6 45. Ra1 Rd2 46. Rf1+ Kg5 0-1

[Event "HUN-chT2 Szechenyi 1314"]
[Site "Hungary"]
[Date "2014.03.23"]
[Round "9.8"]
[White "Toth, Laszlo5"]
[Black "Babocs, Gyula"]
[Result "0-1"]
[WhiteElo "1793"]
[BlackElo "2001"]
[PlyCount "108"]
[EventDate "2013.09.08"]
[EventType "team-tourn"]
[EventRounds "11"]
[EventCountry "HUN"]
[SourceTitle "EXT 2016"]
[Source "ChessBase"]
[SourceDate "2015.10.08"]
[SourceVersion "1"]
[SourceVersionDate "2015.10.08"]
[SourceQuality "1"]
[WhiteTeam "Lovo"]
[BlackTeam "Ajka Banyasz"]
[WhiteTeamCountry "HUN"]
[BlackTeamCountry "HUN"]

1. d4 Nf6 2. c4 Nc6 3. d5 Ne5 4. e3 e6 5. dxe6 fxe6 6. Nc3 Bb4 7. Bd2 0-0 8. Be2 Ng6 9. Nf3 b6 10. 0-0 Bb7 11. a3 Bxc3 12. Bxc3 Ne4 13. Rc1 d6 14. Be1 Qe7 15. h3 Rf7 16. Nh2 Raf8 17. f3 Nf6 18. b4 Nd7 19. Qc2 c5 20. f4 Rd8 21. Bh5 Ndf8 22. e4 Rxf4 23. Rxf4 Nxf4 24. Bf3 e5 25. Rd1 N8e6 26. Bf2 Nd4 27. Bxd4 exd4 28. Qd2 Rf8 29. Re1 Qg5 30. Kh1 Nxh3 31. Qxg5 Nxg5 32. Kg1 Rf4 33. bxc5 dxc5 34. e5 Nxf3+ 35. gxf3 Bxf3 36. e6 Kf8 37. Rf1 Ke7 38. Nxf3 Kxe6 39. Kf2 h6 40. Re1+ Kd6 41. Kg3 Rf6 42. Re8 Re6 43. Rd8+ Kc7 44. Rd5 Re3 45. Kf4 g5+ 46. Kg3 Rxa3 47. Kf2 Re3 48. Ne5 a5 49. Rd7+ Kc8 50. Rd5 a4 51. Nc6 a3 52. Nxd4 cxd4 53. Rxd4 a2 54. Rd1 Rc3 0-1

[Event "HUN-chT2 Szechenyi 1314"]
[Site "Hungary"]
[Date "2014.03.02"]
[Round "8.9"]
[White "Vargyas, Zoltan"]
[Black "Babocs, Gyula"]
[Result "1-0"]
[WhiteElo "2114"]
[BlackElo "2001"]
[PlyCount "59"]
[EventDate "2013.09.08"]
[EventType "team-tourn"]
[EventRounds "11"]
[EventCountry "HUN"]
[SourceTitle "EXT 2016"]
[Source "ChessBase"]
[SourceDate "2015.10.08"]
[SourceVersion "1"]
[SourceVersionDate "2015.10.08"]
[SourceQuality "1"]
[WhiteTeam "Balatonfuered"]
[BlackTeam "Ajka Banyasz"]
[WhiteTeamCountry "HUN"]
[BlackTeamCountry "HUN"]

1. e4 e5 2. Nf3 Nc6 3. Bb5 a6 4. Ba4 Nf6 5. 0-0 Be7 6. Re1 b5 7. Bb3 0-0 8. c3 d5 9. exd5 Nxd5 10. Nxe5 Nxe5 11. Rxe5 c6 12. d3 Bd6 13. Re1 Qh4 14. g3 Qh3 15. Re4 Nf6 16. Rh4 Qf5 17. Nd2 g5 18. Rh6 Kg7 19. Rxf6 Qxf6 20. Ne4 Qg6 21. Bxg5 f5 22. Nxd6 Qxg5 23. Qf3 Bd7 24. Re1 Rad8 25. h4 Qf6 26. Qf4 h6 27. Re3 a5 28. a3 Bc8 29. Nxc8 Rxc8 30. Re6 1-0

[Event "HUN-chT2 Szechenyi 1314"]
[Site "Hungary"]
[Date "2014.02.09"]
[Round "6.9"]
[White "Vas, Istvan"]
[Black "Babocs, Gyula"]
[Result "1-0"]
[WhiteElo "1967"]
[BlackElo "2001"]
[PlyCount "63"]
[EventDate "2013.09.08"]
[EventType "team-tourn"]
[EventRounds "11"]
[EventCountry "HUN"]
[SourceTitle "EXT 2016"]
[Source "ChessBase"]
[SourceDate "2015.10.08"]
[SourceVersion "1"]
[SourceVersionDate "2015.10.08"]
[SourceQuality "1"]
[WhiteTeam "Baki Agrocentrum"]
[BlackTeam "Ajka Banyasz"]
[WhiteTeamCountry "HUN"]
[BlackTeamCountry "HUN"]

1. e4 Nc6 2. d4 e5 3. d5 Nce7 4. c4 Ng6 5. Nf3 Nf6 6. Bd3 Bc5 7. 0-0 0-0 8. a3 a5 9. Nc3 d6 10. h3 Nh5 11. Ne2 Nhf4 12. Nxf4 Nxf4 13. Bxf4 exf4 14. Qd2 Qf6 15. Rac1 g5 16. b4 axb4 17. axb4 g4 18. hxg4 Bxg4 19. Nh2 Bd4 20. Nxg4 Qg5 21. Be2 Be5 22. Qd3 Kh8 23. Qh3 Rg8 24. Bf3 Rg6 25. c5 Rag8 26. cxd6 cxd6 27. Rc7 Kg7 28. Rxb7 Bd4 29. Rd1 h5 30. Nh2 Be5 31. b5 Kh8 32. Rxf7 1-0

[Event "HUN-chT2 Szechenyi 1213"]
[Site "Hungary"]
[Date "2013.04.21"]
[Round "11.7"]
[White "Babocs, Gyula"]
[Black "Mazak, Lajos"]
[Result "1/2-1/2"]
[WhiteElo "2013"]
[BlackElo "1838"]
[PlyCount "99"]
[EventDate "2012.09.16"]
[EventType "team-tourn"]
[EventRounds "11"]
[EventCountry "HUN"]
[SourceTitle "EXT 2014"]
[Source "ChessBase"]
[SourceDate "2013.11.20"]
[SourceVersion "1"]
[SourceVersionDate "2013.11.20"]
[SourceQuality "1"]
[WhiteTeam "Ajka Banyasz"]
[BlackTeam "Peti MTE"]
[WhiteTeamCountry "HUN"]
[BlackTeamCountry "HUN"]

1. e4 e5 2. Nf3 d6 3. d4 Nd7 4. dxe5 Nxe5 5. Nxe5 dxe5 6. Qxd8+ Kxd8 7. Bc4 f6 8. Be3 c6 9. Nd2 Bb4 10. 0-0-0 Kc7 11. c3 Ba5 12. Bb3 b5 13. c4 a6 14. c5 Ne7 15. Bc2 Kb7 16. f3 Be6 17. a3 Rad8 18. b4 Bc7 19. Bb3 Bxb3 20. Nxb3 Rxd1+ 21. Rxd1 Rd8 22. Rxd8 Bxd8 23. Kc2 Ng6 24. g3 Nf8 25. Nc1 a5 26. Ne2 Ne6 27. Bd2 axb4 28. axb4 Kc7 29. f4 exf4 30. gxf4 Kd7 31. Kd3 Bc7 32. h3 Ke7 33. Ke3 Kd7 34. Kf3 Ke7 35. Be3 Bb8 36. Kg4 Bc7 37. h4 g6 38. h5 Ng7 39. hxg6 hxg6 40. Nd4 Kd7 41. f5 gxf5+ 42. exf5 Be5 43. Nf3 Bc3 44. Bd2 Bxd2 45. Nxd2 Ne8 46. Ne4 Ke7 47. Kh5 Nc7 48. Kg6 Nd5 49. Kg7 Ne3 50. Kg6 1/2-1/2

[Event "HUN-chT2 Szechenyi 1011"]
[Site "Hungary"]
[Date "2011.04.10"]
[Round "8.5"]
[White "Babocs, Gyula"]
[Black "Szittar, Antal"]
[Result "1/2-1/2"]
[WhiteElo "2016"]
[BlackElo "2054"]
[PlyCount "47"]
[EventDate "2010.09.12"]
[EventType "team-tourn"]
[EventRounds "11"]
[EventCountry "HUN"]
[SourceTitle "EXT 2012"]
[Source "ChessBase"]
[SourceDate "2011.11.24"]
[SourceVersion "1"]
[SourceVersionDate "2011.11.24"]
[SourceQuality "1"]
[WhiteTeam "Ajka Banyasz"]
[BlackTeam "Spartacus"]
[WhiteTeamCountry "HUN"]
[BlackTeamCountry "HUN"]

1. e4 e6 2. d4 d5 3. Nc3 Nf6 4. Bg5 Be7 5. e5 Nfd7 6. Bxe7 Qxe7 7. Qd2 a6 8. Nf3 c5 9. dxc5 Nxc5 10. Bd3 Nc6 11. 0-0 Bd7 12. a3 Nxd3 13. Qxd3 0-0 14. Rfe1 Rad8 15. Nd4 Qg5 16. Nxc6 Bxc6 17. Qd4 Qg6 18. Re2 Rc8 19. Rae1 Bd7 20. Qb6 Bc6 21. Qd4 Bd7 22. Qb6 Bc6 23. Qd4 Bd7 24. Qb6 1/2-1/2

[Event "HUN-chT2 Szechenyi 1011"]
[Site "Hungary"]
[Date "2010.10.10"]
[Round "3.4"]
[White "Domonkos, Daniel"]
[Black "Babocs, Gyula"]
[Result "1/2-1/2"]
[WhiteElo "2096"]
[BlackElo "2016"]
[PlyCount "62"]
[EventDate "2010.09.12"]
[EventType "team-tourn"]
[EventRounds "11"]
[EventCountry "HUN"]
[SourceTitle "EXT 2012"]
[Source "ChessBase"]
[SourceDate "2011.11.24"]
[SourceVersion "1"]
[SourceVersionDate "2011.11.24"]
[SourceQuality "1"]
[WhiteTeam "Veszprem"]
[BlackTeam "Ajka Banyasz"]
[WhiteTeamCountry "HUN"]
[BlackTeamCountry "HUN"]

1. d4 g6 2. c4 Bg7 3. Nc3 d6 4. e4 e5 5. d5 Ne7 6. f4 0-0 7. Nf3 Bg4 8. Be2 Bxf3 9. Bxf3 exf4 10. Bxf4 Nd7 11. 0-0 Ne5 12. Qe2 f5 13. Bg5 h6 14. Bxe7 Qxe7 15. exf5 gxf5 16. Rae1 a6 17. Qd1 Qh4 18. c5 Rae8 19. Bh5 Ng4 20. Bxg4 fxg4 21. g3 Rxe1 22. Qxe1 Bd4+ 23. Kh1 Rxf1+ 24. Qxf1 Qe7 25. cxd6 cxd6 26. Qd1 Bxc3 27. bxc3 Qe4+ 28. Kg1 Qe3+ 29. Kg2 Qe4+ 30. Kf2 Qf5+ 31. Kg1 Qe4 1/2-1/2

[Event "HUN-chT2 Szechenyi 1011"]
[Site "Hungary"]
[Date "2010.09.12"]
[Round "1.5"]
[White "Babocs, Gyula"]
[Black "Hadrik, Csaba"]
[Result "1/2-1/2"]
[WhiteElo "2016"]
[BlackElo "1976"]
[PlyCount "61"]
[EventDate "2010.09.12"]
[EventType "team-tourn"]
[EventRounds "11"]
[EventCountry "HUN"]
[SourceTitle "EXT 2012"]
[Source "ChessBase"]
[SourceDate "2011.11.24"]
[SourceVersion "1"]
[SourceVersionDate "2011.11.24"]
[SourceQuality "1"]
[WhiteTeam "Ajka Banyasz"]
[BlackTeam "Lovo"]
[WhiteTeamCountry "HUN"]
[BlackTeamCountry "HUN"]

1. e4 c5 2. Nf3 Nc6 3. d4 cxd4 4. Nxd4 e5 5. Nxc6 bxc6 6. c4 Nf6 7. Bd3 d6 8. 0-0 Be7 9. Nc3 0-0 10. Qe2 Qc7 11. Rd1 Bg4 12. f3 Bh5 13. Be3 Bg6 14. Rac1 Rab8 15. b3 c5 16. Nd5 Nxd5 17. exd5 Bxd3 18. Qxd3 f5 19. Bf2 Qa5 20. Rc2 Qa3 21. Qd2 Qb4 22. Qxb4 Rxb4 23. Be1 Rb7 24. Ba5 Bd8 25. Bxd8 Rxd8 26. Rb1 Rdb8 27. Rcb2 a5 28. Kf2 Kf7 29. Ke2 Kf6 30. Kd3 a4 31. Kc3 1/2-1/2

[Event "HUN-chT2 Szechenyi 0910"]
[Site "Hungary"]
[Date "2010.04.18"]
[Round "10.4"]
[White "Babocs, Gyula"]
[Black "Kokai, Miklos"]
[Result "1-0"]
[WhiteElo "2013"]
[BlackElo "1911"]
[PlyCount "35"]
[EventDate "2009.11.08"]
[EventType "team-tourn"]
[EventRounds "11"]
[EventCountry "HUN"]
[SourceTitle "EXT 2011"]
[Source "ChessBase"]
[SourceDate "2010.11.26"]
[SourceVersion "1"]
[SourceVersionDate "2010.11.26"]
[SourceQuality "1"]
[WhiteTeam "Ajka Banyasz"]
[BlackTeam "Baki Agrocentrum"]
[WhiteTeamCountry "HUN"]
[BlackTeamCountry "HUN"]

1. e4 d5 2. exd5 Nf6 3. c4 e6 4. Nc3 exd5 5. cxd5 Nxd5 6. d4 c6 7. Bc4 Bb4 8. Bd2 0-0 9. Nge2 Nb6 10. Bb3 Na6 11. 0-0 Nc7 12. a3 Ba5 13. Ba2 Nbd5 14. Qc2 Be6 15. Rad1 Nxc3 16. bxc3 Bxa2 17. Qxa2 Qd5 18. c4 1-0

[Event "HUN-chT2 Szechenyi 0910"]
[Site "Hungary"]
[Date "2009.12.06"]
[Round "3.5"]
[White "Szittar, Antal"]
[Black "Babocs, Gyula"]
[Result "1/2-1/2"]
[WhiteElo "2033"]
[BlackElo "2013"]
[PlyCount "62"]
[EventDate "2009.11.08"]
[EventType "team-tourn"]
[EventRounds "11"]
[EventCountry "HUN"]
[SourceTitle "EXT 2011"]
[Source "ChessBase"]
[SourceDate "2010.11.26"]
[SourceVersion "1"]
[SourceVersionDate "2010.11.26"]
[SourceQuality "1"]
[WhiteTeam "Keszthely"]
[BlackTeam "Ajka Banyasz"]
[WhiteTeamCountry "HUN"]
[BlackTeamCountry "HUN"]

1. e4 c5 2. c3 d5 3. exd5 Qxd5 4. d4 Nc6 5. Nf3 cxd4 6. cxd4 e5 7. Nc3 Bb4 8. Bd2 Bxc3 9. Bxc3 e4 10. Ne5 Nxe5 11. dxe5 Ne7 12. Qxd5 Nxd5 13. Bd2 0-0 14. Bc4 Rd8 15. Bg5 Re8 16. Bxd5 Rxe5 17. Bxf7+ Kxf7 18. Be3 Bd7 19. Rc1 Bc6 20. 0-0 Rb5 21. Bd4 Rd8 22. Bc3 Rbd5 23. Rfe1 Rd3 24. Re3 Rd1+ 25. Rxd1 Rxd1+ 26. Re1 Rxe1+ 27. Bxe1 a6 28. Bc3 g6 29. Kf1 Ke6 30. Ke2 h5 31. Ke3 Kf5 1/2-1/2